000 00639nam a2200241Ia 4500
003 OSt
005 20220918190550.0
006 a|||||r|||| 00| 0
007 ta
008 220917b |||||||| |||| 00| 0 eng d
024 _a57,770
037 _cTextual
040 _aARTS
_cARTS
_beng
041 _2eng
_aeng
082 _aQ1:g, M1 (P15)
100 _aRaghuvira
_963168
245 0 _aVedic studies
_b a collection of the research papers
260 _aNew Delhi
_bSharada Rani
_c1981
300 _a700p.
_ccm.
650 _aRELIGION
942 _hQ1:g, M1 (P15)
_cTEXL
_2CC
999 _c185856
_d185856